-
WHITE,JEFFERSON AND PATTERSON, DENNIS
Entry Personal Name
Number of records used in: 1
001 - CONTROL NUMBER
003 - CONTROL NUMBER IDENTIFIER
005 - DATE AND TIME OF LATEST TRANSACTION
- control field:
20210823131319.0
008 - FIXED-LENGTH DATA ELEMENTS
- fixed length control field:
210823|| aca||aabn | a|a d
040 ## - CATALOGING SOURCE
- Original cataloging agency:
OSt
- Transcribing agency:
OSt
100 ## - HEADING--PERSONAL NAME
- Personal name:
WHITE,JEFFERSON AND PATTERSON, DENNIS
670 ## - SOURCE DATA FOUND
- Source citation:
Work cat.: (OSt): WHITE,JEFFERSON AND PATTERSON, DENNIS, INTRODUCTION TO THE PHILOSOPHY OF LAW: READING AND CASES, 1999